000 00705nam a2200241Ia 4500
003 OSt
005 20230516151604.0
008 210423s2011 xx 000 0 und d
020 _a978-93-5023-296-5
040 _cAL
041 _aeng
082 _a332.645 SRIF
100 _aSRIDHAR (A. N)
_9105817
245 _aFutures and options: equities trading strategies and skills Ed 4
250 _a4
260 _aMumbai
_bShroff Publishers & Distributors
_c2011
300 _a373p
_bPB
365 _b475
_cINR
650 _aFinancial Economics
_9105818
650 _aInvestment Management
_9105819
906 _aEd ; equities ; Futures ; options: ; skills ; strategies ; trading
942 _2ddc
_cBK
999 _c166449
_d166449